LEADER 00911nam1 2200325 450 001 990003111520203316 005 20080527100829.0 035 $a000311152 035 $aUSA01000311152 035 $a(ALEPH)000311152USA01 035 $a000311152 100 $a20080527d1921----km-y0itay50------ba 101 $aita 102 $aIT 105 $a||||||||001yy 200 1 $aEdizione nazionale delle opere di Ugo Spirito 210 $aSoveria Mannelli$cRubettino$d1921- 215 $av.$d23 cm 463 \1$1001990003111550203316$12001 $aCritica della democrazia 606 0 $2BNCF 676 $a190 700 1$aSPIRITO,$bUgo$0122711 801 0$aIT$bsalbc$gISBD 912 $a990003111520203316 951 $aII.1.D 4691/$bL.M.$cII.1.D. 959 $aBK 969 $aUMA 979 $aCHIARA$b90$c20080527$lUSA01$h1008 996 $aEdizione nazionale delle opere di Ugo Spirito$91020856 997 $aUNISA LEADER 00913nam0-22003011i-450- 001 990004268480403321 005 20051116123948.0 010 $a88-204-7973-7 035 $a000426848 035 $aFED01000426848 035 $a(Aleph)000426848FED01 035 $a000426848 100 $a19990604d1993----km-y0itay50------ba 101 0 $aita 105 $ay-------00-y- 200 1 $aDalla posta dei re alla posta di tutti$eterritorio e comunicazioni in Italia dal XVI secolo all'Unità$fBruno Caizzi 210 $aMilano$cAngeli$dc1993 215 $a357 p.$d22 cm 225 1 $aSaggi di storia$v11 676 $a383.4945$v21$zita 700 1$aCaizzi,$bBruno$f<1909-1992>$033465 801 0$aIT$bUNINA$gRICA$2UNIMARC 901 $aBK 912 $a990004268480403321 952 $a383.49 CAI 1$bBibl. 21059$fFLFBC 959 $aFLFBC 996 $aDalla posta dei re alla posta di tutti$9490534 997 $aUNINA LEADER 01458nam 2200469 450 001 9910829007403321 005 20200520144314.0 035 $a(CKB)3710000000103697 035 $a(SSID)ssj0001212421 035 $a(PQKBManifestationID)11688911 035 $a(PQKBTitleCode)TC0001212421 035 $a(PQKBWorkID)11212050 035 $a(PQKB)11583992 035 $a(MiAaPQ)EBC3110548 035 $a(Au-PeEL)EBL3110548 035 $a(CaPaEBR)ebr10857389 035 $a(CaONFJC)MIL588444 035 $a(OCoLC)922977947 035 $a(EXLCZ)993710000000103697 100 $a20140419h20142014 uy 0 101 0 $aeng 135 $aurcnu|||||||| 181 $ctxt 182 $cc 183 $acr 200 10$aPalestine in turmoil$hVolume 2$iRetreat from the mandate, 1937-1939 $ethe struggle for sovereignty, 1933-1939 /$fMonty Noam Penkower ; cover design by Adell Medovoy 210 1$aNew York ;$aBrighton, Massachusetts :$cTouro College Press :$cAcademic Studies Press,$d2014. 210 4$d2014 215 $a1 online resource (407 pages) 300 $aIncludes index. 311 $a1-61811-317-8 607 $aPalestine$xPolitics and government 676 $a956.9404 700 $aPenkower$b Monty Noam$0988608 702 $aMedovoy$b Adell 801 0$bMiAaPQ 801 1$bMiAaPQ 801 2$bMiAaPQ 906 $aBOOK 912 $a9910829007403321 996 $aPalestine in turmoil$94042271 997 $aUNINA